[Event "BL 2017-18"]
[Site "Germany"]
[Date "2018.03.10"]
[Round "11"]
[White "Zysk, Robert"]
[Black "Schneider, Ilja"]
[Result "1/2-1/2"]
[WhiteElo "2428"]
[BlackElo "2519"]
[Annotator "TA"]
[PlyCount "27"]
[EventDate "2018.05.24"]
[EventType "team-tourn"]
[EventCountry "GER"]
[SourceTitle "playchess.com"]
[Source "ChessBase"]
[SourceQuality "1"]
[WhiteTeam "Zugzwang Muenchen"]
[BlackTeam "SFR Berlin"]

{[%evp 18,27,2,-1,36,14,15,-6,33,0,14,0]} 1. d4 d5 2. c4 c6 3. cxd5 cxd5 4. Bf4 Nc6 5. e3 Nf6 6. Nc3 Bg4 7. Qb3 {D10: Slav Defence: 3 cxd5 (without early Nf3) and 3 Nc3} Na5 8. Qa4+ Bd7 9. Qd1 (9. Bb5 e6 10. Nf3 a6 11. Bxd7+ Nxd7 12. Ne5 b5 13. Qd1 Nxe5 14. Bxe5 Nc4 15. Qe2 Nxe5 16. dxe5 Bb4 17. Rc1 {½-½ (65) Ni,H (2671)-Eljanov,P (2711) Riadh 2017}) 9... Rc8 10. Bd3 {LiveBook: 3 Games} Bg4 $146 ({Predecessor:} 10... e6 11. Nf3 Bb4 12. O-O Bxc3 13. bxc3 O-O 14. Bg5 h6 15. Bh4 Rxc3 {1-0 (25) Antic,D (2438)-Lekic,D (2360) Heraklion 2016}) 11. Qa4+ Bd7 12. Qd1 Bg4 13. Qa4+ Bd7 14. Qd1 1/2-1/2

[Event "BL 2017-18"]
[Site "Germany"]
[Date "2018.03.10"]
[Round "11"]
[White "Schneider, Stefan"]
[Black "Bartel, Mateusz"]
[Result "1/2-1/2"]
[WhiteElo "2402"]
[BlackElo "2609"]
[Annotator "TA"]
[PlyCount "130"]
[EventDate "2018.05.24"]
[EventType "team-tourn"]
[EventCountry "GER"]
[SourceTitle "playchess.com"]
[Source "ChessBase"]
[SourceQuality "1"]
[WhiteTeam "Bayern Muenchen"]
[BlackTeam "Dresden"]

{[%evp 10,130,2,0,19,-3,-3,-10,0,0,0,-11,-6,0,-1,-12,-9,-23,-18,-32,-35,-47,-24,-34,-34,-35,-35,-33,-22,-31,-25,-41,-28,-15,0,-29,-34,-45,-33,-39,-32,-39,-39,-40,-27,-35,-31,-29,-35,-35,-35,-41,-37,-47,-43,-52,0,-36,0,-32,-32,-32,-30,-39,-39,-43,-45,-55,-27,-75,-41,-75,-74,-74,-50,-48,-31,-38,-22,-21,-23,-35,-22,-33,-4,-12,0,-25,-12,-20,-6,-25,-2,-13,0,-14,0,0,0,0,0,0,0,0,0,0,0,0,0,0,0,0,0,0,0,0,0,0,0,0,0,0,0]} 1. d4 Nf6 2. Nf3 e6 3. c4 b6 4. Bf4 Bb4+ 5. Nbd2 Bb7 6. e3 {LiveBook: 94 Games} c5 {E12: Queen's Indian: Unusual White 4th moves, 4 a3, 4 Nc3 Bb7 5 a3 and 4 Nc3 Bb7} (6... Be7 7. h3 c5 8. Be2 cxd4 9. Nxd4 O-O 10. O-O d5 11. Rc1 Nbd7 12. Bh2 Nc5 13. cxd5 Nxd5 14. Nc4 {0-1 (55) Erdos,V (2614)-Kovalenko,I (2657) Zalakaros 2017}) 7. Be2 cxd4 8. exd4 O-O 9. a3 $146 ({Predecessor:} 9. O-O d5 10. a3 Bxd2 11. Qxd2 Ne4 12. Qc2 Nd7 13. b4 dxc4 14. Bxc4 {½-½ (35) Martin Catalan,J (2045)-Gella Lopez,A (2081) Aragon 2016}) 9... Be7 10. O-O d5 11. Rc1 dxc4 12. Nxc4 Nc6 13. h3 Rc8 14. Bh2 b5 15. Ne3 a6 16. a4 bxa4 17. Qxa4 Nb4 18. Rxc8 Qxc8 19. Be5 Rd8 20. Rd1 Nd7 21. Bg3 Nf6 22. Be5 Nfd5 23. Nc4 Bc6 24. Qb3 Bb5 25. Bg3 Qd7 26. Ra1 Qe8 27. Bf1 h6 28. Nfe5 Bf8 29. Be2 Nf6 30. Nf3 Nc6 31. Qe3 Nd5 32. Qe4 Nf6 33. Qe3 $1 Nb4 {[#] White must now prevent ...Nc2.} 34. Rc1 Nbd5 35. Qb3 Rc8 36. Ra1 Qd8 37. Bf1 Ne4 38. Be5 Ng5 39. Ncd2 Bxf1 (39... Nxf3+ {feels hotter.} 40. Nxf3 Bxf1 41. Rxf1 Qe8 42. Rb1 f6) 40. Kxf1 Nxf3 41. Nxf3 Nb4 42. Kg1 Rc6 (42... Qb6 {with more complications.} 43. Bf4 Qb5 44. Bd2 Nd5 45. Qa4 Qxb2 46. Qxa6 Rb8) 43. Bf4 Qd5 (43... Nd5 {looks sharper.} 44. Bd2 f6 45. g3 Qc8 46. Ra4 Kf7) 44. Qxd5 Nxd5 45. Bd2 Bd6 46. Kf1 f6 47. Ke2 Kf7 48. Kd3 g5 49. g3 h5 50. Ne1 Rb6 51. Bc3 {The position is equal.} f5 52. Ng2 Nf6 53. Ne3 Ne4 54. Nc4 Rc6 55. Be1 Bc7 56. g4 Nf6 57. gxf5 exf5 58. f3 Nd5 59. Bd2 Bf4 60. Ra5 Ke6 61. b3 h4 62. Ra1 Kf6 63. Ra5 Ke6 64. Ra1 Kf6 65. Ra5 Ke6 {Precision: White = 63%, Black = 48%.} 1/2-1/2

[Event "BL 2017-18"]
[Site "Germany"]
[Date "2018.03.10"]
[Round "11"]
[White "Schramm, Christian"]
[Black "Schreiner, Peter"]
[Result "1/2-1/2"]
[WhiteElo "2374"]
[BlackElo "2460"]
[Annotator "TA"]
[PlyCount "41"]
[EventDate "2018.05.24"]
[EventType "team-tourn"]
[EventCountry "GER"]
[SourceTitle "playchess.com"]
[Source "ChessBase"]
[SourceQuality "1"]
[WhiteTeam "Zugzwang Muenchen"]
[BlackTeam "SFR Berlin"]

{[%evp 16,41,20,19,14,7,15,12,57,51,54,47,57,27,84,27,28,25,40,19,25,0,0,0,33,25,28,36]} 1. e4 e5 2. Nf3 Nc6 3. Nc3 Nf6 4. d4 exd4 5. Nxd4 Bb4 6. Nxc6 bxc6 7. Bd3 O-O 8. O-O Re8 9. Re1 {LiveBook: 11 Games. C47: Scotch Four Knights and Four Knights with 4 g3} (9. Bg5 h6 10. Bh4 Qe7 11. Kh1 Bxc3 12. bxc3 d5 13. exd5 cxd5 14. Qf3 g5 15. Bb5 Bg4 16. Qd3 c6 17. Bxc6 Be2 18. Qd4 Bxf1 19. Rxf1 gxh4 20. Bxa8 Rxa8 21. Qxh4 {0-1 (32) Dubov,D (2701)-Fedoseev,V (2724) Moscow 2018}) 9... d5 10. Bg5 {[%cal Bc1g5,Bg5h4,Bh4g3][%mdl 32] Threatening e5.} d4 11. a3 {The position is equal.} Bd6 $146 ({Predecessor:} 11... dxc3 12. axb4 h6 13. Bh4 cxb2 14. Rb1 Qd4 15. e5 Qxh4 16. exf6 Bg4 17. Rxe8+ Rxe8 18. f3 Be6 19. c3 Ba2 20. g3 Bxb1 21. Bxb1 Qxf6 22. Kg2 Qxc3 23. Qd7 Qe1 {0-1 (23) Stejskal,J (1743)-Beck,J (1429) Burg Stargard 2002}) 12. Nb1 h6 13. Bh4 g5 14. Bg3 {[#] e5 is the strong threat.} Bg4 (14... Ng4 $11 {remains equal.}) 15. Qc1 (15. f3 $16 {Strongly threatening Bxd6.} Bxg3 16. hxg3) 15... Nh5 $11 16. Nd2 Bf4 17. Bxf4 Nxf4 18. g3 Ng6 19. f3 Be6 20. Qd1 Qd7 21. Qe2 {Precision: White = 43%, Black = 44%.} 1/2-1/2

[Event "BL 2017-18"]
[Site "Germany"]
[Date "2018.03.10"]
[Round "11"]
[White "Rezasade, Amir"]
[Black "Bacrot, Etienne"]
[Result "0-1"]
[WhiteElo "2354"]
[BlackElo "2722"]
[Annotator "TA"]
[PlyCount "76"]
[EventDate "2018.05.24"]
[EventType "team-tourn"]
[EventCountry "GER"]
[SourceTitle "playchess.com"]
[Source "ChessBase"]
[SourceQuality "1"]
[WhiteTeam "Muelheim"]
[BlackTeam "Baden-Baden"]

{[%evp 22,76,15,6,39,16,13,-25,-9,-37,-43,-39,-34,-37,0,-22,-13,-16,0,0,0,0,0,0,-8,-25,0,0,8,-7,-5,-5,27,-58,-31,-153,-151,-153,-157,-219,-213,-320,-320,-321,-321,-333,-289,-295,-285,-553,-529,-625,-620,-575,-533,-527,-431]} 1. Nf3 e6 2. g3 b6 3. Bg2 Bb7 4. O-O Nf6 5. c4 g6 6. b3 Bg7 7. Bb2 O-O 8. Nc3 {[%cal Bb1c3,Bc3e2,Be2f4][%mdl 32] A15: English Opening: 1...Nf6} (8. d4 d5 9. Nbd2 Nbd7 10. Rc1 Re8 11. b4 a5 12. b5 a4 13. Ba3 Ne4 14. e3 f5 15. Qc2 dxc4 16. Nxc4 Bd5 {1-0 (59) Meier,G (2650)-Bortnyk,O (2610) Riadh 2017}) 8... d5 9. cxd5 exd5 10. d4 c5 11. Rc1 Na6 12. e3 {LiveBook: 7 Games} Re8 13. Ne2 $146 ({Find the theoretical novelty and annotate with similar games:} 13. Qc2 Qe7 14. Rfd1 Nb4 15. Qb1 Ng4 16. Re1 Bh6 17. Ne5 Nxe5 18. dxe5 {½-½ (59) Toth,C (2365)-Barbosa,E (2461) Joao Pessoa 2013}) 13... Ne4 14. Ba3 Rc8 15. Nf4 Nb4 16. Bxb4 cxb4 17. Qd3 Qd7 18. Rfe1 g5 19. Nh5 Bh8 20. Ne5 Qe6 {White should prevent ...f6.} ({Reject} 20... Bxe5 $6 21. dxe5 Qe6 22. Bxe4 $16) 21. Bxe4 dxe4 22. Qb5 f6 23. Rxc8 Rxc8 24. Nc4 Qe7 25. d5 Rd8 26. d6 Qe6 27. h4 ({Better is} 27. Qa4 $11) 27... Qg4 $36 {[%mdl 2048] Black fights for an advantage.} 28. Na5 (28. Qa4 $15 Qxh5 29. Qxa7) 28... bxa5 $17 29. Qxb7 {[#] aiming for Rc1.} ({Avoid the trap} 29. Qc4+ $2 Kf8) 29... Qxh5 30. Qxe4 (30. hxg5 $17 f5 31. d7) 30... gxh4 $19 ({But not} 30... Rxd6 31. Qa8+ Kg7 32. Qxa7+ Qf7 33. Qxa5 $17) 31. Qe6+ (31. Rc1 $142 hxg3 32. Qe6+ Kg7 33. Rc7+ Kh6 34. fxg3) 31... Qf7 32. Qg4+ Bg7 33. Rc1 Qd7 34. Qc4+ Kh8 {Threatens to win with ...hxg3.} 35. Rd1 $2 (35. Qxh4 Qxd6 36. Qe4) 35... hxg3 {[#] And now ...Qh3 would win.Black is clearly winning.} 36. fxg3 Bf8 37. Qf4 Qe6 {[%cal Rf8d6]} 38. d7 Rxd7 {Precision: White = 34%, Black = 58%.} 0-1

[Event "BL 2017-18"]
[Site "Germany"]
[Date "2018.03.10"]
[Round "11"]
[White "Weber, Ulrich"]
[Black "Andersen, Mads"]
[Result "0-1"]
[WhiteElo "2352"]
[BlackElo "2606"]
[Annotator "TA"]
[PlyCount "68"]
[EventDate "2018.05.24"]
[EventType "team-tourn"]
[EventCountry "GER"]
[SourceTitle "playchess.com"]
[Source "ChessBase"]
[SourceQuality "1"]
[WhiteTeam "SV Hofheim"]
[BlackTeam "Solingen"]

{[%evp 19,68,5,0,-35,-18,-37,-28,-33,24,-68,-79,-74,-79,-63,-62,-71,-70,-72,-72,-77,-56,-50,-27,-39,-30,-97,-100,-231,-221,-227,-231,-365,-231,-223,-226,-311,-187,-188,-184,-89,-48,-368,-362,-29994,-29995,-29995,-29996,-29996,-29997,-29997,-29998]} 1. Nf3 Nf6 2. g3 g6 3. Bg2 Bg7 4. O-O d5 5. d3 O-O 6. Nbd2 c5 7. e4 Nc6 8. Re1 e6 9. c3 a5 10. a4 {A08: King's Indian Attack} b6 {LiveBook: 45 Games} 11. Qb3 (11. Nb1 Ba6 12. e5 Nd7 13. Bf4 f6 14. exf6 Qxf6 15. Qd2 e5 16. Bg5 Qxf3 17. Bxf3 Rxf3 {1-0 (34) Amin,B (2661)-Grandelius,N (2641) Baku 2016}) 11... Ba6 12. exd5 {The position is equal.} exd5 13. d4 $146 ({Predecessor:} 13. Qc2 Rc8 14. Nb1 d4 15. c4 Re8 16. Bg5 Nb4 17. Qd2 Qd7 {0-1 (40) Andreeva,P (2074)-Voiska,M (2367) Pleven 2015}) 13... Rc8 (13... Re8 $15) 14. Nf1 ({White should try} 14. Bh3 $11) 14... cxd4 $15 15. Nxd4 Nxd4 16. cxd4 Rc4 17. Qd1 Ne4 18. Be3 Rb4 19. b3 Qd7 20. Rc1 Rc8 21. Rxc8+ Qxc8 22. Kh1 (22. Nd2 $11 {remains equal.}) 22... Qf5 $17 23. g4 (23. f3 $17 {was worth a try.} Nd6 24. g4) 23... Nxf2+ $19 24. Bxf2 Qxf2 25. Re8+ Bf8 26. Ne3 Kg7 27. Qc1 Bd3 ({Inferior is} 27... Rxd4 28. Nf5+ $1 {[%mdl 512]} Kg8 29. Nxd4 $14) 28. Qc3 {[#]} Bb1 $1 29. g5 ({Better is} 29. Nxd5 $19 Qxd4 30. Qf3) 29... Qh4 $40 {[%mdl 128] aiming for ...Bd6. Black is up to no good.} 30. Qc8 $2 {[%mdl 8192]} ({Not} 30. Bxd5 $2 Bd6 $19) ({Only move:} 30. Nxd5 $15 Qxd4 31. Qe1) 30... Rxd4 {[%cal Bb4d4,Bd4d1,Bd1f1][%mdl 32]} 31. Rxf8 $2 {[#]} (31. Qd8 $19 Rf4 32. h3) 31... Rd1+ $3 {[%mdl 512] Black mates.} 32. Nf1 {[#]} (32. Nxd1 Qe1+) 32... Rxf1+ $1 {[%mdl 512]} 33. Bxf1 Qe4+ 34. Kg1 Qe3+ {Precision: White = 26%, Black = 82%.} 0-1

[Event "BL 2017-18"]
[Site "Germany"]
[Date "2018.03.10"]
[Round "11"]
[White "Farmani Anosheh, Armin"]
[Black "Grigorian, Spartak"]
[Result "1/2-1/2"]
[WhiteElo "2325"]
[BlackElo "2354"]
[Annotator "NA"]
[PlyCount "62"]
[EventDate "2018.05.24"]
[EventType "team-tourn"]
[EventCountry "GER"]
[SourceTitle "playchess.com"]
[Source "ChessBase"]
[SourceQuality "1"]
[WhiteTeam "Speyer"]
[BlackTeam "Werder Bremen"]
[TimeControl "40/6000+30:3000+30"]

1. d4 {[%emt 0:00:00]} Nf6 {[%emt 0:00:06]} 2. c4 {[%emt 0:00:00]} e6 {[%emt 0:00:03]} 3. Nc3 {[%emt 0:00:54]} Bb4 {[%emt 0:00:06]} 4. e3 {[%emt 0:00:06]} O-O {[%emt 0:00:11]} 5. Bd3 {[%emt 0:00:31]} d5 {[%emt 0:00:26]} 6. Nf3 {[%emt 0:01:29]} c5 {[%emt 0:00:28]} 7. O-O {[%emt 0:00:15]} dxc4 {[%emt 0:00:17]} 8. Bxc4 {[%emt 0:00:58]} Nbd7 {[%emt 0:01:00]} 9. a3 {[%emt 0:18:57]} cxd4 {[%emt 0:04:11]} 10. Qxd4 {[%emt 0:18:11]} Bc5 {[%emt 0:20:31]} 11. Qd1 {[%emt 0:00:22]} b6 {[%emt 0:09:56]} 12. b4 {[%emt 0:04:21]} Be7 {[%emt 0:00:06]} 13. Bb2 {[%emt 0:00:34]} Bb7 {[%emt 0:03:55]} 14. Qb3 {[%emt 0:02:52]} Qb8 {[%emt 0:08:08]} 15. h3 {[%emt 0:08:10]} Bxf3 {[%emt 0:14:30]} 16. gxf3 {[%emt 0:00:06]} Qb7 {[%emt 0:00:12]} 17. f4 {[%emt 0:13:36]} Rfd8 {[%emt 0:18:43]} 18. Rfd1 {[%emt 0:01:58]} Rac8 {[%emt 0:03:46]} 19. Bf1 {[%emt 0:05:18]} Qf3 {[%emt 0:07:10]} 20. Bg2 {[%emt 0:02:38]} Qh5 {[%emt 0:00:52]} 21. Rd2 {[%emt 0:09:23]} Nf8 {[%emt 0:02:04]} 22. Rad1 {[%emt 0:00:13]} Ng6 {[%emt 0:01:59]} 23. Rxd8+ {[%emt 0:07:14]} Bxd8 {[%emt 0:00:01]} 24. Rd3 {[%emt 0:02:21]} Nh4 {[%emt 0:00:57]} 25. Qd1 {[%emt 0:00:20]} Qxd1+ {[%emt 0:02:10]} 26. Rxd1 {[%emt 0:00:03]} Nxg2 {[%emt 0:00:05]} 27. Kxg2 {[%emt 0:00:03]} Be7 {[%emt 0:01:17]} 28. Kf3 {[%emt 0:04:15]} Kf8 {[%emt 0:04:19]} 29. Rd4 {[%emt 0:01:51]} Ke8 {[%emt 0:02:12]} 30. Ke2 {[%emt 0:01:54]} Nd7 {[%emt 0:01:31]} 31. Rd2 {[%emt 0:03:37]} g6 {[%emt 0:01:23]} 1/2-1/2

[Event "BL 2017-18"]
[Site "Germany"]
[Date "2018.03.10"]
[Round "11"]
[White "Unzicker, Ferdinand"]
[Black "Hoffmann, Paul"]
[Result "1/2-1/2"]
[WhiteElo "2323"]
[BlackElo "2371"]
[Annotator "TA"]
[PlyCount "120"]
[EventDate "2018.05.24"]
[EventType "team-tourn"]
[EventCountry "GER"]
[SourceTitle "playchess.com"]
[Source "ChessBase"]
[SourceQuality "1"]
[WhiteTeam "Bayern Muenchen"]
[BlackTeam "Dresden"]

{[%evp 17,120,16,43,40,43,43,35,42,38,43,23,0,0,-36,-29,-39,-29,-32,-16,-25,-21,-31,-18,-21,-10,-13,-16,-22,-12,-20,0,-6,-11,-35,-16,-12,-20,-25,0,0,0,0,0,0,0,-20,71,71,77,85,87,-8,-8,-8,-8,-8,53,-8,-8,-8,-8,-8,-8,-22,-22,-22,0,0,0,0,0,0,0,0,0,0,0,0,0,0,0,0,0,0,0,0,0,0,0,0,0,0,0,0,0,0,0,0,0,0,0,0,0,0,0]} 1. d4 Nf6 {[%cal Bg8f6,Bf6e4,Be4d2][%mdl 32]} 2. c4 e6 3. Nc3 Bb4 4. e3 b6 5. Nge2 Ne4 6. Bd2 Nxd2 7. Qxd2 Bb7 8. a3 {E44: Nimzo-Indian: Rubinstein: 4...b6 5 Ne2} Be7 9. d5 e5 {LiveBook: 4 Games} 10. Ng3 $146 {White is slightly better.} ({Predecessor:} 10. g3 a5 11. Bg2 d6 12. O-O O-O 13. b4 Nd7 14. f4 Bc8 15. f5 g6 {1-0 (39) Ikonnikov,V (2538)-Muetsch,A (2008) Fuerth 2016}) 10... g6 11. f4 exf4 12. exf4 O-O 13. Bd3 f5 14. O-O a5 15. h3 Na6 16. Bc2 Bc5+ 17. Kh2 Qh4 18. Rae1 Rae8 19. Re5 Bd6 20. Re2 Rxe2 21. Ngxe2 Re8 22. Nd4 Qe7 (22... Bf8 {is interesting.} 23. Nf3 Qf6 24. Re1 Rxe1 25. Qxe1 Nc5) 23. Rf2 Qe1 24. Qxe1 Rxe1 25. Ncb5 Bc5 26. Rd2 Rf1 27. Kg3 h5 28. Nf3 h4+ 29. Kxh4 Be3 30. Re2 Bxf4 31. Nbd4 Kf8 (31... Kg7 $11) 32. g4 $16 c5 33. dxc6 $1 Bxc6 {[#]} 34. Nxc6 ({White should play} 34. Ne5 $1 $16 {[%cal Re5g6]} Bxe5 35. Rxe5) 34... Rxf3 $11 35. Ne5 $132 {[%mdl 2048] White is fighting back} g5+ 36. Kh5 Rxh3+ 37. Kg6 Bxe5 $1 {The position is equal.} 38. Rxe5 fxg4 {[%mdl 4096] Endgame KRB-KRN} 39. Bf5 Nc5 40. Bxg4 Rb3 41. Re2 $1 Ne6 42. Kf6 {Strongly threatening Rh2.} Ke8 43. Bxe6 dxe6 44. Kxe6 {KR-KR} g4 45. Rh2 {[%cal Rh2h8]} Rh3 (45... Re3+ {with more complications.} 46. Kf5 Kd7 47. Kxg4 Re4+ 48. Kf3 Rxc4 49. Ke3 a4) 46. Rg2 Re3+ 47. Kd6 g3 48. b4 Rxa3 49. b5 Rc3 50. Kc7 Rxc4+ 51. Kxb6 Rg4 52. Ka7 Rg7+ 53. Ka8 {Black should prevent b6.} Kd7 54. b6 Kc6 {[#]} 55. b7 $1 {[%cal Rb7b8][%mdl 512]} Rxb7 {White must now prevent ...Rg7.} 56. Rc2+ Kd5 {Hoping for ...Rg7.} 57. Kxb7 Ke4 58. Ka6 Kf3 59. Kxa5 g2 60. Rxg2 Kxg2 {Precision: White = 72%, Black = 63%.} 1/2-1/2

[Event "BL 2017-18"]
[Site "Germany"]
[Date "2018.03.10"]
[Round "11"]
[White "Eichler, Christoph"]
[Black "Lauber, Arnd"]
[Result "1-0"]
[WhiteElo "2299"]
[BlackElo "2434"]
[Annotator "TA"]
[PlyCount "49"]
[EventDate "2018.05.24"]
[EventType "team-tourn"]
[EventCountry "GER"]
[SourceTitle "playchess.com"]
[Source "ChessBase"]
[SourceQuality "1"]
[WhiteTeam "Zugzwang Muenchen"]
[BlackTeam "SFR Berlin"]

{[%evp 9,49,23,23,10,10,0,28,12,27,-8,16,19,15,0,0,1,24,0,0,12,56,51,92,90,102,86,104,12,39,25,29,24,27,0,0,0,0,-14,204,185,696,701]} 1. c4 f5 2. Nf3 Nf6 3. e3 (3. g3 e6 4. Bg2 d5 5. O-O Bd6 6. Nc3 O-O 7. d3 dxc4 8. dxc4 Nc6 9. e4 e5 10. Bg5 fxe4 11. Nd2 Be7 12. Ndxe4 Nxe4 13. Qxd8 Bxd8 14. Nxe4 Nd4 15. Bxd8 Rxd8 {½-½ (60) Inarkiev,E (2707)-Grischuk,A (2761) Geneva 2017}) 3... e6 4. b3 d6 5. d4 g6 6. Be2 $146 {A10: English Opening: Unusual Replies for Black} ({Predecessor:} 6. Bb2 Bg7 7. Nbd2 O-O 8. Qc2 Nc6 9. a3 Qe7 10. b4 a5 11. b5 Nd8 12. Be2 {½-½ (63) Socko,M (2472)-Bednarek,S (2291) Warsaw 2015}) 6... Bg7 7. O-O O-O 8. Nc3 {White has an edge.} Qe7 9. Qc2 Nc6 10. Ba3 a5 11. Rac1 Nb4 12. Qb1 c6 13. Rfd1 e5 14. c5 {aiming for cxd6.} dxc5 (14... e4 {is more complex.} 15. cxd6 Qxd6 16. Ne5 Be6 17. Na4 Rad8) 15. dxe5 Ng4 16. Na4 Nxe5 17. Nxe5 Bxe5 18. Nxc5 (18. Nb6 $16 Rb8 19. Bc4+ Be6 20. Bxe6+ Qxe6 21. Nd7 (21. Rxc5 Rfd8 $11)) 18... f4 $1 $11 {[%cal Rf4e3] And now ...fxe3 would win.} 19. Bc4+ Kg7 20. Nd3 Bf5 $1 {[#]} ({Avoid the trap} 20... fxe3 $2 21. Nxe5 exf2+ 22. Kh1 $18) 21. e4 $1 {[%mdl 512]} Bxe4 {...Qg5 is the strong threat.} 22. Re1 $1 {[%cal Re1e4]} Bxd3 23. Bxd3 {Hoping for Bb2.} Qd6 $2 {[#]} (23... Rad8 $11) 24. Rxe5 $1 $18 {[%mdl 512]} Qxd3 $2 (24... Qxe5 25. Bb2 Nxd3 26. Bxe5+ Nxe5) 25. Bxb4 {Precision: White = 53%, Black = 49%.} 1-0

[Event "BL 2017-18"]
[Site "Germany"]
[Date "2018.03.10"]
[Round "11"]
[White "Burkart, Patrick"]
[Black "Naumann, Alexander"]
[Result "1-0"]
[WhiteElo "2298"]
[BlackElo "2557"]
[Annotator "TA"]
[PlyCount "149"]
[EventDate "2018.05.24"]
[EventType "team-tourn"]
[EventCountry "GER"]
[SourceTitle "playchess.com"]
[Source "ChessBase"]
[SourceQuality "1"]
[WhiteTeam "SV Hofheim"]
[BlackTeam "Solingen"]

{[%evp 12,149,9,-19,23,11,39,0,59,36,91,81,92,86,79,55,57,39,59,29,40,2,2,2,19,0,-14,-31,-21,-39,-28,-18,-18,-18,-15,-15,-27,-481,-11,-603,0,0,0,0,0,0,16,6,10,0,17,17,34,0,0,0,0,-16,0,0,0,0,0,0,0,0,0,-8,156,165,163,163,214,214,213,188,239,239,248,241,318,311,304,304,304,304,304,280,858,770,524,517,510,499,476,326,326,193,326,326,341,341,333,0,333,326,326,326,321,263,264,94,94,30,70,0,30,30,30,30,30,30,30,30,29956,29958,29960,29961,29971,29972,29972,29973,29973,29974,29974,29975,29975,29976,29976,29977]} 1. d4 Nf6 2. Nf3 g6 3. Nc3 d5 4. Bf4 Bg7 5. e3 O-O 6. Be2 c5 7. Nb5 {LiveBook: 3 Games. And now Nc7 would win. D00: 1 d4 d5: Unusual lines} (7. O-O cxd4 8. exd4 Bg4 9. h3 Bxf3 10. Bxf3 Nc6 11. Ne2 b5 12. c3 e6 13. a3 a5 14. Nc1 b4 15. a4 Ne4 16. Bxe4 dxe4 {½-½ (85) Carlsen,M (2837)-Ding,L (2774) Saint Louis 2017}) 7... Na6 8. h3 Bf5 9. O-O {White is slightly better.} Ne4 $146 (9... Nb4 $11) ({Find the theoretical novelty and annotate with similar games:} 9... Nb4 10. dxc5 Ne4 11. c3 Nc6 12. Bh2 e5 13. c4 dxc4 14. Bxc4 Nxc5 {1-0 (36) Cori Tello,D (2389)-Librelato,K (2085) Villa Martelli 2017}) 10. c3 cxd4 (10... Qb6 $14) 11. exd4 $16 Qb6 12. Re1 Rfc8 13. Qb3 Qd8 14. Rad1 Nb8 $1 15. c4 Be6 {[%cal Rd5c4]} 16. Rc1 Nc6 17. Nc7 {[%cal Rc4d5]} Nxd4 18. Nxd4 Bxd4 19. cxd5 Bxf2+ 20. Kf1 Bxe1 21. dxe6 Nd2+ 22. Bxd2 $1 Bxd2 23. exf7+ Kh8 24. Qe6 $2 {[%mdl 8192]} (24. Rc4 $11 Rxc7 25. Qg3) 24... Qd6 $2 (24... Bf4 $19 25. Qe4 Bxc7) 25. Rc4 $2 {[%mdl 8192] [#]} (25. Qxd6 $11 exd6 26. Rc2) 25... Qxe6 $2 ({Black should play} 25... Qg3 $1 $19 {[%csl Gd2][%cal Rg3e1][%mdl 512]} 26. Bf3 Rxc7 27. Rxc7 Qxc7 28. Bxb7 Rd8) 26. Nxe6 $11 Rxc4 27. Bxc4 $19 {[%mdl 4096] Endgame KRB-KBN} Bh6 28. Ke2 Rc8 29. Kd3 Bg7 30. b3 h6 31. Ke4 Kh7 32. h4 {[%mdl 1024] White has compensation.} h5 33. g3 Kh6 34. a4 b6 35. Kf4 Rc6 36. Ke4 Rc8 37. Kf4 Rc6 38. Ke3 Rc8 39. Ke4 {[#]} Bf8 $2 (39... g5 $1 $11) 40. Ba6 $16 Rb8 41. Kd5 $1 g5 (41... Bg7 {was called for.}) 42. Kc6 $1 $18 {[%cal Rc6c7]} ({Weaker is} 42. Nxg5 Rd8+ 43. Ke5 Kg6 $11) (42. hxg5+ Kg6 $11) 42... Bg7 43. Kc7 Rh8 (43... Be5+ {keeps fighting.} 44. Kd7 g4 45. Kxe7 Bxg3) 44. Bd3 $1 {[%csl Ge6][%cal Rh4g5]} g4 45. Kd7 Be5 46. f8=Q+ (46. Kxe7 Bxg3 47. f8=Q+ Rxf8 $16) 46... Rxf8 47. Nxf8 Bxg3 48. Ng6 (48. Kxe7 Bxh4+ 49. Kf7 Bd8 $16) 48... Bf2 49. Kxe7 ({Not} 49. Nxe7 Bxh4 50. Nc6 Kg5 $14) 49... a5 $2 (49... Be1 50. Ke6 Bg3) 50. Kf6 Be1 51. Kf5 Bf2 52. Kf4 Bc5 53. Ne5 Be7 54. Nf7+ Kg7 55. Ng5 Kf6 56. Ne4+ Kg7 57. Ng5 Kf6 $1 58. Ke3 Bc5+ 59. Ke2 {Hoping for Ne4+.} Be7 60. Kf2 Kg7 61. Kg2 $2 (61. Bc4 $18 {has better winning chances.}) 61... Kh6 $16 62. Nf7+ Kg7 63. Ng5 {Ne6+ is the strong threat.} Kh6 64. Bb5 {Threatens to win with Nf7+.} (64. Ne4 {NOTEXT} Bxh4 65. Bc4 Bd8 66. Bf7 Bc7 67. Ng3) 64... Bxg5 65. hxg5+ Kxg5 $11 {KB-KP} 66. Bd7 Kf4 67. Bc8 Ke5 $2 {[%mdl 8192]} (67... h4 $11) 68. Kg3 {White mates.} Kd4 69. Be6 $1 {[%cal Re6f7]} b5 70. axb5 Kc5 {[#]} 71. Bd7 $1 Kb6 72. Be8 Kc5 73. Bxh5 Kxb5 {[#]} 74. Be8+ $1 Kb4 75. Ba4 {Precision: White = 55%, Black = 34%.} 1-0